000 01168nam a22003257a 4500
003 CHAP
005 20220329135948.0
008 971013s1957 r 00010 d
010 _a44773
011 _a45745
035 _a49884
040 _cCHAP
090 _aFolleto 8525
100 0 0 _aRamos López, Ana Mercedes.
_994441
245 _aInfluencia de la lixiviación de aniones en las pérdidas por arrastre de cationes a través de una columna de suelo de veinte centímetros
260 _aSan José, C. R. :
_bServicio Técnico Interamericano de Cooperación Agrícola,
_c1957
300 _a31 p.
500 _aOriginalmente presentado como tesis
590 _aBATCH-UPD
_b10
_c20130109
_lUCH01
_h2307
590 _aBATCH-UPD
_b10
_c20130110
_lUCH01
_h2005
590 _aBATCH-UPD
_b10
_c20130409
_lUCH01
_h1823
590 _aBATCH-UPD
_b10
_c20130410
_lUCH01
_h1325
590 _aBATCH-UPD
_b10
_c20130914
_lUCH01
_h1650
590 _aCONVERSION
_b10
_c20130109
_lUCH01
_h1325
650 1 4 _aIntercambio catiónico.
_959518
650 1 4 _aSuelos
_xLixiviación.
_9110420
901 _aBK
942 _cFOLL
949 _aFolleto 8525
_bBC
_cFOLL
_d-112383
_eTS1
_i49884
_si
999 _c44773
_d44773